MARC

LEADER 00000nam2a2200000 4500
001 15419
005 20231030190222.0
035 |a (RuTPU)RU\TPU\book\15527 
035 |a BOOK00000215 
090 |a 15419 
100 |a 20011209d1960 km y0rusy50 ca 
101 0 |a rus 
102 |a RU 
105 |a ab z 000zy 
200 0 |a Т. 7  |f Под ред. А. А. Губера 
210 |d 1960 
215 |a 820 с.  |c 42 л. ил. и карт. 
461 1 |0 (RuTPU)RU\TPU\book\64586  |t Всемирная история  |o В 10 т.  |f Гл. ред. Е. М. Жуков  |v Т. 7  |d 1955- 
606 1 |a Всеобщая история  |2 stltpush  |3 (RuTPU)RU\TPU\subj\3762 
610 1 |a история 
610 1 |a Всемирная история 
610 1 |a новая история 
610 1 |a 20 век 
610 1 |a Парижская Коммуна 
610 1 |a экономическая история 
610 1 |a капитализм 
610 1 |a империализм 
610 1 |a второй интернационал 
610 1 |a 19 век 
610 1 |a Первая мировая война 
610 1 |a наука 
610 1 |a культура 
610 1 |a техника 
610 1 |a естествознание 
610 1 |a литература 
610 1 |a февральская буржуазно-демократическая революция 
686 |a Т3(0)  |v LBC/SL-A  |2 rubbk 
702 1 |a Губер  |b А. А.  |4 340 
801 0 |a RU  |b 63413507  |c 20011209  |g PSBO 
801 2 |a RU  |b 63413507  |c 20230207  |g PSBO 
942 |c BK